000 00653nam a2200229Ia 4500
003 GCL
008 140319s9999 xx 000 0 ara d
040 _aGCL /
_cGCL
082 0 4 _a823.03
_bس د
100 1 _aحسن محمود (مترجم)
245 1 0 _aدكتور جيكل و مستر هايد? /
_cحسن محمود (مترجم)
700 1 _aذ
700 1 _aستيفن، روبرت لويس
300 _a82 ص
490 _aالالف كتاب
_v0
650 0 4 _aقصص البطولات
650 0 4 _aالادب
650 0 4 _aالادب الشعبى
650 0 4 _aالقصص
650 0 4 _aالقصص الخرافية
942 _2ddc
_cBK
999 _c40381
_d40381